Online Catalogue and eLibrary

Uniform civil code : (Record no. 2785)

MARC details
000 -LEADER
fixed length control field 00471nam a2200181Ia 4500
005 - DATE AND TIME OF LATEST TRANSACTION
control field 20240531033729.0
008 - FIXED-LENGTH DATA ELEMENTS--GENERAL INFORMATION
fixed length control field 240331s9999 xx 000 0 und d
020 ## - INTERNATIONAL STANDARD BOOK NUMBER
ISBN 8187218010
082 ## - DDC Classification
Item Number - Author Mark CHO
Class No. 340
100 ## - MAIN ENTRY--PERSONAL NAME
Personal name Choudhury, Roy Choudhury
245 #0 - TITLE STATEMENT
Title Uniform civil code :
Remainder of title social change and gender justice
260 ## - PUBLICATION, DISTRIBUTION, ETC.
Place of publication, distribution, etc. New Delhi
Name of publisher, distributor, etc. Indian Social Institute
Date of publication, distribution, etc. 1998
300 ## - PHYSICAL DESCRIPTION
Extent (e.g. Volumes, Pages etc.) iv, 91 p .,
650 ## - SUBJECT ADDED ENTRY--TOPICAL TERM
Topical term or geographic name entry element Laws
650 ## - SUBJECT ADDED ENTRY--TOPICAL TERM
Topical term or geographic name entry element Gender
650 ## - SUBJECT ADDED ENTRY--TOPICAL TERM
Topical term or geographic name entry element Politics
942 ## - Koha item type (Biblio)
Koha item type Books in Stacks (Lending)
Holdings
Lost status Damaged status Collection code Home library Current library Shelving location Date acquired Full call number Accession Number Item type
    Lending WERC Library WERC Library Social Science Cupboard 03/31/2024 340 CHO 4898 Books in Stacks (Lending)

© WERC Library